Estatísticas para Países 2

Clique aqui para jogar o quiz

Estatísticas Gerais

  • Esse quiz foi jogado 46 vezes
  • A pontuação média é 14 de 15

Estatísticas das Respostas

Resposta% Correto
Bélgica
98%
Canadá
98%
Estados Unidos
98%
Turquia
98%
África do Sul
96%
Brasil
96%
Dinamarca
96%
Portugal
96%
Uruguai
96%
Grécia
93%
Israel
93%
Cuba
91%
Venezuela
91%
Suécia
78%
Austrália
74%

Distribuição das Pontuações

Percentil de Números Respondidos

Porcentagem de Pessoas com Cada Pontuação

Sua Pontuação Histórica

Você não jogou esse quiz